La industria de la construccion de urbanizaciones

Uloženo v:
Podrobná bibliografie
Hlavní autor: Valverde, Carlos
Médium: Diplomová práce Kniha
Jazyk:Undetermined
Vydáno: 1984
Témata:
Tagy: Přidat tag
Žádné tagy, Buďte první, kdo vytvoří štítek k tomuto záznamu!

MARC

LEADER 00000nam a2200000Ia 4500
001 4224
008 140114s9999 xx 000 0 und d
100 |a Valverde, Carlos 
245 |a La industria de la construccion de urbanizaciones 
260 |c 1984 
500 |a NULL 
502 |a Escuela de ingenieria Civil 
650 |z CONSTRUCCION DE URBANIZACIONES 
999 |c 12475  |d 12475